Max Weber on charisma and institution building : Selected papers

This selection from Max Weber's writings presents his variegated work from one central focus, the relationship between charisma on the one hand, and the process of institution building in the major fields of the social order such as politics, law, economy, and culture and religion on the other....

Celý popis

Uloženo v:
Podrobná bibliografie
Hlavní autor: Weber, Max
Médium: Kniha
Jazyk:Undetermined
Vydáno: Chicago University of Chicago Press 1968
Témata:
Tagy: Přidat tag
Žádné tagy, Buďte první, kdo otaguje tento záznam!
Thư viện lưu trữ: Trung tâm Học liệu Trường Đại học Cần Thơ
LEADER 01201nam a2200205Ia 4500
001 CTU_227797
008 210402s9999 xx 000 0 und d
082 |a 302.15 
082 |b W373 
100 |a Weber, Max 
245 0 |a Max Weber on charisma and institution building : 
245 0 |b Selected papers 
245 0 |c Max Weber ; Edited and with an introd. by S. N. Eisenstadt 
260 |a Chicago 
260 |b University of Chicago Press 
260 |c 1968 
520 |a This selection from Max Weber's writings presents his variegated work from one central focus, the relationship between charisma on the one hand, and the process of institution building in the major fields of the social order such as politics, law, economy, and culture and religion on the other. That the concept of charisma is crucially important for understanding the processes of institution building is implicit in Weber's own writings, and the explication of this relationship is perhaps the most important challenge which Weber's work poses for modern sociology. 
650 |a Xã hội học tổ chức,Organizational sociology 
910 |b dqhieu 
980 |a Trung tâm Học liệu Trường Đại học Cần Thơ